书目信息 |
| 题名: |
数学差生问题研究
|
|
| 作者: | 杜玉祥 著 | |
| 分册: | ||
| 出版信息: | 上海 华东师范大学出版社 2003 |
|
| 页数: | 146页 | |
| 开本: | 21cm | |
| 丛书名: | 数学教育研究前沿 | |
| 单 册: | ||
| 中图分类: | G633.603 | |
| 科图分类: | ||
| 主题词: | 后进生--数学教学--教学研究--中小学 , 教学研究 , 后进生 , 数学教学 | |
| 电子资源: | ||
| ISBN: | 7-5617-3270-8 | |
| 000 | 01003oam2 2200301 450 | |
| 001 | 05002423972 | |
| 005 | 20051116085251.35 | |
| 010 | @a7-5617-3270-8@dCNY11.00 | |
| 092 | @aCN | |
| 100 | @a20040521d2003 ekmy0chiy0120 ea | |
| 101 | 0 | @achi |
| 102 | @aCN@b310000 | |
| 105 | @ay az 001yy | |
| 200 | 1 | @a数学差生问题研究@9shu xue cha sheng wen ti yan jiu@f杜玉祥等著@Fdu yu xiang deng zhu |
| 210 | @a上海@c华东师范大学出版社@d2003 | |
| 215 | @a146页@d21cm | |
| 225 | 2 | @a数学教育研究前沿@h第二辑@f张奠宙,李士锜主编 |
| 320 | @a有书目及索引 | |
| 330 | @a本书以对广大学生的实际调研为基础,在一个较大的范围内,有组织有计划的进行集中的基础测试,对差生现象进行系统缜密的研究,并制定针对性的解决策略。 | |
| 461 | 0 | @12001 @a数学教育研究前沿 |
| 606 | 0 | @a后进生@x数学教学@x教学研究@x中小学 |
| 606 | 0 | @a教学研究 |
| 606 | 0 | @a后进生 |
| 606 | 0 | @a数学教学 |
| 690 | @aG633.603@v4 | |
| 701 | 0 | @a杜玉祥@Adu yu xiang@4著 |
| 801 | 0 | @aCN@bTSSF@c20051116 |
| 905 | @a10447@dG633.603@e328:2(4) | |
| 数学差生问题研究/杜玉祥等著.-上海:华东师范大学出版社,2003 |
| 146页;21cm.-(数学教育研究前沿.第二辑/张奠宙,李士锜主编) |
| ISBN 7-5617-3270-8:CNY11.00 |
| 本书以对广大学生的实际调研为基础,在一个较大的范围内,有组织有计划的进行集中的基础测试,对差生现象进行系统缜密的研究,并制定针对性的解决策略。 |
| ● |
| 相关链接 |
|
|
|
|
正题名:数学差生问题研究
索取号:G633.603/328:2(4)
 
预约/预借
| 序号 | 登录号 | 条形码 | 馆藏地/架位号 | 状态 | 备注 |
| 1 | 0362314 | 3623145 | 第一样本阅览室/ [索取号:G633.603/328:2(4)] | 在馆 | |
| 2 | 0362315 | 3623154 | 密集书库/ [索取号:G633.603/328:2(4)] | 在馆 | |
| 3 | 0362316 | 3623163 | 第四借阅区/ [索取号:G633.603/328:2(4)] | 在馆 | |
| 4 | 0362317 | 3623172 | 密集书库/ [索取号:G633.603/328:2(4)] | 在馆 | |
| 5 | 0362318 | 3623181 | 密集书库/ [索取号:G633.603/328:2(4)] | 在馆 | |
| 6 | 0368042 | 203680427 | 第四借阅区/ [索取号:G633.603/328:2(4)] | 在馆 | |
| 7 | 0368043 | 203680436 | 第四借阅区/ [索取号:G633.603/328:2(4)] | 在馆 | |
| 8 | 0368044 | 203680445 | 第四借阅区/ [索取号:G633.603/328:2(4)] | 在馆 | |
| 9 | 0368045 | 203680454 | 密集书库/ [索取号:G633.603/328:2(4)] | 在馆 | |
| 10 | 0368046 | 203680463 | 密集书库/ [索取号:G633.603/328:2(4)] | 在馆 |